000 00616nam a22001937a 4500
999 _c21404
_d21404
003 AR-CdUCM
008 190417b ||||| |||| 00| 0 spa d
020 _a9789972592768
040 _aMUNICIPALIDAD PROVINCIAL DEL CUSCO
_cBIBLIOTECA MUNICIPAL DEL CUSCO
082 _aEP / 803 / P86
_bP86
110 _aCorporación gráfica Navarrete.
_944641
245 _aEl príncipe y el mendigo /
260 _aLima :
_bCorporación gráfica Navarrete,
_c2009.
300 _a95 páginas ;
_c19 cm.
440 _aColección ruiseñor.
_929353
650 _aCuentos
_944642
942 _2ddc
_cLIBROS
945 _arum
_d2019-04-25